kku e-library facility

Step-Wise Approach to Calculations in Chemistry: A-One Series (Record no. 236)

MARC details
000 -LEADER
fixed length control field 00434nam a2200133 4500
005 - DATE AND TIME OF LATEST TRANSACTION
control field 20260424113605.0
008 - FIXED-LENGTH DATA ELEMENTS--GENERAL INFORMATION
fixed length control field 260424b |||||||| |||| 00| 0 eng d
020 ## - INTERNATIONAL STANDARD BOOK NUMBER
International Standard Book Number 978-978-915-006-9
100 ## - MAIN ENTRY--PERSONAL NAME
Personal name Daniel E. Isaiah
245 ## - TITLE STATEMENT
Title Step-Wise Approach to Calculations in Chemistry: A-One Series
Statement of responsibility, etc. / Isaiah .E. Daniel
260 ## - PUBLICATION, DISTRIBUTION, ETC.
Place of publication, distribution, etc. Nigeria;
Name of publisher, distributor, etc. Glow Sisa Enterprises Nigeria Limited;
Date of publication, distribution, etc. 2009
300 ## - PHYSICAL DESCRIPTION
Extent xi,290p.ill;
Dimensions 21.3cm
942 ## - ADDED ENTRY ELEMENTS (KOHA)
Source of classification or shelving scheme Library of Congress Classification
Suppress in OPAC No
Koha item type Books

No items available.

©2025 All rights reserved. KKU